000 00532nam a2200193Ia 4500
005 20250508150745.0
008 008 250505s9999 xx 000 0 eng d
037 _aTextual
040 _aFEDL
_beng
_cFEDL
041 _aeng
_2eng
084 _a146, KRI
_qFEDL
100 _aKrikorian Yervant H Ed.
245 0 _aNaturalism and the human spirit
260 _aNew York, USA
_bColumbia University Press
_c1944
300 _ax,397p.
650 _aPhilosophy
942 _cTEXL
_h146, KRI
999 _c1325484
_d1325484